00625nam a2200205 a 450000500170000000800410001701000130005802000250007103500130009603700150010904000180012408200060014210000190014824500740016726000290024127000650027030000350033565000330037070000160040320090912142931.0080424s2008 nyua j 000 1 eng  aB-358078 a9788126416783c60.00 aB-358078 bDBAD / PUB adplbEnglish  aS aChandy, Luiza  aGrimm's Rapunzel /cretold by Luiza Chandy; illustrated by K.R. Raji  aKerala bDC Books c2007 aDC Kizhakemuri Edam, Good Shepherd Street, Kottayam b686001 a29p.:bcol. ill. ;c22cm(pbk)  aChildren's stories, English  aRaji, K.R.